000 00855nam a22002057a 4500
999 _c6674
_d6674
003 AR-CdUCM
008 190319b ||||| |||| 00| 0 spa d
020 _a84-205-0429-7
040 _aMUNICIPALIDAD PROVINCIAL DEL CUSCO
_cBIBLIOTECA MUNICIPAL DEL CUSCO
082 _a541 /
_bG22
100 _aGarcía Fernández, E.
_918780
245 _aQuímica Heterocíclica Inorgánica /
260 _aEspaña :
_bAlhambra ;
_c1973.
300 _a444 páginas ;
_bDiagramas, fórmulas, tablas, ilustraciones
_c20cm
440 _aColección Exedra - Ciencia Técnica Ingeniería
_n82
_918781
505 _aContenido: Moléculas cíclicas inorgánicas -- Enlace entre átomos en el heterociclo -- Cristaloquímica -- Fuerzas de cohesión en los cristales moleculares -- Radiocristalografía...
650 _aQuímica
_94512
942 _2ddc
_cLIBROS
945 _anom